Ground Water (Record no. 330106)

000 -LEADER
fixed length control field nam a22 7a 4500
003 - CONTROL NUMBER IDENTIFIER
control field NUST
005 - DATE AND TIME OF LATEST TRANSACTION
control field 20170608120103.0
008 - FIXED-LENGTH DATA ELEMENTS--GENERAL INFORMATION
fixed length control field 170608b xxu||||| |||| 00| 0 eng d
020 ## - INTERNATIONAL STANDARD BOOK NUMBER
International Standard Book Number 9788131315033
040 ## - CATALOGING SOURCE
Transcribing agency 0
082 ## - DEWEY DECIMAL CLASSIFICATION NUMBER
Classification number 551.498 ZAI
100 ## - MAIN ENTRY--PERSONAL NAME
Personal name Zaidi,Dr.Wasi ahmad
9 (RLIN) 2270
245 ## - TITLE STATEMENT
Title Ground Water
Statement of responsibility, etc. Dr.Wasi Ahmad Zaidi
260 ## - PUBLICATION, DISTRIBUTION, ETC.
Place of publication, distribution, etc. New Delhi
Name of publisher, distributor, etc. APH Publishing Corporation
Date of publication, distribution, etc. 2012
300 ## - PHYSICAL DESCRIPTION
Extent 114p.
500 ## - GENERAL NOTE
General note H.B
942 ## - ADDED ENTRY ELEMENTS (KOHA)
Source of classification or shelving scheme
Koha item type Book
Call number prefix 551.498 ZAI
Holdings
Withdrawn status Lost status Source of classification or shelving scheme Damaged status Not for loan Collection code Permanent Location Current Location Shelving location Date acquired Total Checkouts Full call number Barcode Date last seen Price effective from Koha item type
            Institute of Environmental Science and Engineering (IESE) Institute of Environmental Science and Engineering (IESE) General Stacks 06/08/2017   551.498 ZAI IESE-2691 06/08/2017 06/08/2017 Book
© 2023 Central Library, National University of Sciences and Technology. All Rights Reserved.